|
|
|
|
| LEADER |
00000nam0a2200000 4500 |
| 001 |
223646 |
| 005 |
20231101230534.0 |
| 020 |
|
|
|a RU
|b 90-19444
|
| 035 |
|
|
|a (RuTPU)RU\TPU\book\243908
|
| 090 |
|
|
|a 223646
|
| 100 |
|
|
|a 20121015d1989 m y0rusy5003 ca
|
| 101 |
0 |
|
|a rus
|
| 102 |
|
|
|a RU
|
| 105 |
|
|
|a a z 001zy
|
| 200 |
1 |
|
|a Управление вентиляцией и газодинамическими процессами в шахтах
|e сборник научных трудов
|f Академия наук СССР (АН СССР), Сибирское отделение (СО), Институт горного дела (ИГД) ; под ред. Н. Н. Петрова
|
| 210 |
|
|
|a Новосибирск
|c ИГД
|d 1989
|
| 215 |
|
|
|a 166 с.
|c ил.
|
| 320 |
|
|
|a Библиогр. в конце ст.
|
| 606 |
1 |
|
|a Угольные шахты
|x Проветривание
|x Автоматизация
|2 stltpush
|3 (RuTPU)RU\TPU\subj\62880
|9 79935
|
| 610 |
1 |
|
|a рудничное оборудование
|
| 610 |
1 |
|
|a газодинамические процессы
|
| 610 |
1 |
|
|a проветривание
|
| 610 |
1 |
|
|a противовзрывная защита
|
| 610 |
1 |
|
|a вентиляторы
|
| 610 |
1 |
|
|a АСУ
|
| 610 |
1 |
|
|a автоматизированные системы управления
|
| 610 |
1 |
|
|a управление
|
| 610 |
1 |
|
|a сборники
|
| 675 |
|
|
|a 622.44
|v 3
|
| 702 |
|
1 |
|a Петров
|b Н. Н.
|4 340
|
| 712 |
0 |
2 |
|a Академия наук СССР (АН СССР)
|b Сибирское отделение (СО)
|b Институт горного дела (ИГД)
|c (Новосибирск)
|2 stltpush
|3 (RuTPU)RU\TPU\col\11352
|
| 801 |
|
0 |
|a RU
|b RuMRKP
|c 19960705
|g psbo
|
| 801 |
|
1 |
|a RU
|b 63413507
|c 20121015
|
| 801 |
|
2 |
|a RU
|b 63413507
|c 20121018
|g RCR
|
| 942 |
|
|
|c BK
|